| 000 | 01245cam a2200265 4500 | ||
|---|---|---|---|
| 001 | X121779 | ||
| 008 | 030328n2003 000 0 eng u | ||
| 035 | _a(Sirsi) u121779 | ||
| 100 | _aD'Arcy, J. | ||
| 245 | _aDemolition- special report | ||
| 260 | _c2003 | ||
| 490 |
_aContract Journal _v417(6416) 3 March 2003, 19-41(19) |
||
| 520 | _aSpecial report on demolition contains articles "Demolition derby" on the upsurge of large demolition works; "Wilkommen pet" discusses the increase of foreign recruits; "A big black hole" reports on the implications of the recent EU landfill directive; "Dan the man" reflects the views of Dan DoylePresident-elect of the National Federation of Demolition Contractors on key demolition issues; "Exploding myths" looks at the methods used by the Controlled Demolition Group; "Making the grade" examines the views of the new president of the Institute of Demolition Engineers; "Cool tools" looks at new demolition equipment. | ||
| 650 | _aDEMOLITION | ||
| 650 | _aEC DIRECTIVES | ||
| 650 | _aLANDFILL | ||
| 650 | _aPLANT | ||
| 650 | _aEQUIPMENT | ||
| 690 | _aBUILT ENVIRONMENT | ||
| 700 | _aHoward, P. | ||
| 700 | _aMann, W. | ||
| 700 | _aDoyle, D. | ||
| 700 | _aFaulkner, G. | ||
| 942 | _n0 | ||
| 999 |
_c72376 _d72376 |
||